Las ciencias sociales (Record no. 20588)

MARC details
000 -LEADER
campo de control de longitud fija 01332nmc a2200445 a 4500
003 - IDENTIFICADOR DE NÚMERO DE CONTROL
campo de control AR-BaBNM
005 - FECHA Y HORA DE LA ÚLTIMA TRANSACCIÓN
campo de control 20251128211641.0
008 - DATOS DE LONGITUD FIJA--INFORMACIÓN GENERAL
campo de control de longitud fija 185020s[200 ||||||||||||||000 | spa||
020 ## - NÚMERO INTERNACIONAL ESTÁNDAR DEL LIBRO
Número Internacional Estándar del Libro 980-251-112-9
040 ## - FUENTE DE CATALOGACIÓN
Centro/agencia transcriptor AR-BaBNM
245 10 - MENCIÓN DEL TÍTULO
Título Las ciencias sociales
Resto del título concepciones y procedimientos
250 ## - MENCION DE EDICION
Mención de edición 1ª ed.
260 ## - PUBLICACIÓN, DISTRIBUCIÓN, ETC.
Lugar de publicación, distribución, etc. Caracas
Nombre del editor, distribuidor, etc. Laboratorio Educativo
Fecha de publicación, distribución, etc. [2002?]
300 0# - DESCRIPCIÓN FÍSICA
Extensión 132 p.
490 #0 - MENCIÓN DE SERIE
Mención de serie Claves para la innovación educativa
Designación de volumen o secuencia 14
504 ## - NOTA DE BIBLIOGRAFÍA, ETC.
Nota de bibliografía, etc. Nota Incluye referencias bibliográficas al final de cada capítulo
650 #4 - PUNTO DE ACCESO ADICIONAL DE MATERIA--TÉRMINO DE MATERIA
Término de materia o nombre geográfico como elemento de entrada ENSENANZA DE LAS CIENCIAS SOCIALES
651 #4 - PUNTO DE ACCESO ADICIONAL DE MATERIA--NOMBRE GEOGRÁFICO
Nombre geográfico España
653 ## - TÉRMINO DE INDIZACIÓN--NO CONTROLADO
Término no controlado PROYECTOS CURRICULARES
653 ## - TÉRMINO DE INDIZACIÓN--NO CONTROLADO
Término no controlado EXPERIENCIAS EDUCATIVAS
653 ## - TÉRMINO DE INDIZACIÓN--NO CONTROLADO
Término no controlado EDUCACION INICIAL
653 ## - TÉRMINO DE INDIZACIÓN--NO CONTROLADO
Término no controlado EDUCACION PRIMARIA
653 ## - TÉRMINO DE INDIZACIÓN--NO CONTROLADO
Término no controlado EDUCACION SECUNDARIA
700 1# - ENTRADA AGREGADA--NOMBRE PERSONAL
Nombre de persona Benejam, Pilar
700 1# - ENTRADA AGREGADA--NOMBRE PERSONAL
Nombre de persona Berges, Lucía
700 1# - ENTRADA AGREGADA--NOMBRE PERSONAL
Nombre de persona Martorell, Joanot
700 1# - ENTRADA AGREGADA--NOMBRE PERSONAL
Nombre de persona Hernández, Xavier
700 1# - ENTRADA AGREGADA--NOMBRE PERSONAL
Nombre de persona Iglesias, Jesús Carlos
700 1# - ENTRADA AGREGADA--NOMBRE PERSONAL
Nombre de persona Loste, M. Antonia
700 1# - ENTRADA AGREGADA--NOMBRE PERSONAL
Nombre de persona Martínez, Rosa M.
700 1# - ENTRADA AGREGADA--NOMBRE PERSONAL
Nombre de persona Oller Freixa, Montserrat
700 1# - ENTRADA AGREGADA--NOMBRE PERSONAL
Nombre de persona Pujol Vilallonga, Rosa M.
700 1# - ENTRADA AGREGADA--NOMBRE PERSONAL
Nombre de persona Ruiz Varona, José Manuel
700 1# - ENTRADA AGREGADA--NOMBRE PERSONAL
Nombre de persona Antoni Serra, Josep
700 1# - ENTRADA AGREGADA--NOMBRE PERSONAL
Nombre de persona Solé Sardans, Marina
700 1# - ENTRADA AGREGADA--NOMBRE PERSONAL
Nombre de persona Yañez, M. Encarnación
710 2# - ENTRADA AGREGADA--NOMBRE DE ENTIDAD CORPORATIVA
Nombre de entidad corporativa o nombre de jurisdicción como elemento de entrada Grupo Cronos
942 ## - ELEMENTOS DE ENTRADA SECUNDARIOS (KOHA)
Tipo de ítem Koha Libros
998 ## - INFORMACIÓN DE CONTROL LOCAL (RLIN)
Iniciales del catalogador, CIN (RLIN) calidad
Holdings
Estatus retirado Estado de pérdida Fuente de la clasificación o esquema de estantería Estado de daño No para préstamo Biblioteca de origen Biblioteca actual Fecha de adquisición Fuente de adquisición Total de préstamos Signatura topográfica completa Código de barras Visto por última vez Precio de reemplazo Tipo de ítem Koha
    Clasificación Decimal Dewey     Liberty Liberty 28/11/2025 C-BP-0002   372.83 BENE 136817 28/11/2025 28/11/2025 Libros
    Clasificación Decimal Dewey     Liberty Liberty 28/11/2025 C-BP-0002   372.83 BENE 136818 28/11/2025 28/11/2025 Libros